00746 a2200205 4500003000500000005001700005010001600022020002200038040000900060082001700069100002600086245005000112260005200162300002600214505011700240650002800357942001200385999001900397952012400416Nust20230317110912.0 a 86030438 a0138105812 (pbk.) cNust00a621.3916,CAH1 aCahill, S. J.911050514aThe single chip microcomputer /cS.J. Cahill. aEnglewood Cliffs, N.J. :bPrentice-Hall,c1987. axii, 340 p. ;c25 cm. aPart.1 Microprocessor Systems (Page-1), Part.2 The Microcomputer Chip (Page-101), Part.3 The Project (Page-173). 0aMicroprocessors.918075 2ddccBK c183796d183796 00102ddc4070aMCSbMCScGENd2016-12-12o621.3916,CAHpMCS812r2016-12-08w2016-12-12yBKzAlmirah No.74, Shelf No.5